| 000 | 00746nam a22002057a 4500 | ||
|---|---|---|---|
| 005 | 20230610012640.0 | ||
| 008 | 230117b |||||||| |||| 00| 0 eng d | ||
| 020 | _a978-621-427-060-6 | ||
| 082 | _aFil. 411.042 B311 2017 | ||
| 100 |
_aBasilan, Ma. Letecia Jose C. _eauthor |
||
| 245 |
_aEnglish for academic and professional purposes / _cMa. Letecia Jose C. Basilan, Ph.D., Emily M. Abanes, LPT. |
||
| 260 |
_aManila: _bUnlimited Books Library Services and Publishing, _cc2019. |
||
| 300 | _axiv, 102p. | ||
| 504 | _aIncludes references | ||
| 541 | _e6911 c.1, 6912 c.2 | ||
| 650 | _aEnglish language - Study and teaching | ||
| 650 | _aWriting | ||
| 650 | _aEnglish language - Discourse analysis | ||
| 700 |
_aAbanes, Emily M. _eauthor |
||
| 999 |
_c545 _d545 |
||